000 01298nam a2200337 c 4500
003 BLK
005 20250314093013.0
008 180413b bul|||||r ||||||| ||bul||
010 _aKNG00027269000
020 _a954-733-026-8
_bиздат.: Прозорец
040 _aBLK
041 _aBUL
_cBUL
080 _aНехристиянски религии. Митология. Различни култове
_b29
_x
_z29
080 _aЕтнология. Етнография. Нрави. Обичаи. Бит. Фолклористика. Вж и 572 ; 903 ; 904
_b39
_x
_z39
100 1 _aЕлиаде, Мирча
_eпърви автор
_9249929
139 _aЕлиаде, Мирча
_bЕ 51
245 1 0 _aОбрази и символи
_bРазмисли върху магическо-религиозната символика
_cМирча Елиаде.
257 _aROM
260 София
_bПрозорец
_c1998
300 _a176 с.
_c20 см
380 _a2
490 1 _aПоредица Хроника
_v4
653 _aобрази
653 _aсимволи
852 _aЦб 198997
856 4 _qpdf
_u
856 4 _qpdf
_u
942 _cKNG
_n0
_07
944 _aCR
_c15.01.2003
_k30576
_lЦветомила Тодорова
944 _aED
_c14.09.2007
_k
999 _c24746
_d24746